It looks like you're offline.
Open Library logo
additional options menu

MARC Record from Scriblio

Record ID marc_records_scriblio_net/part11.dat:126421603:663
Source Scriblio
Download Link /show-records/marc_records_scriblio_net/part11.dat:126421603:663?format=raw

LEADER: 00663cam 2200217 i 4500
001 79089337 //r88
003 DLC
005 19881201000000.0
008 800617s1980 mau b 00110 eng
010 $a 79089337 //r88
020 $a0316744298
050 0 $aHF1411$b.R493
082 $a337
100 10 $aRichardson, J. David.
245 10 $aUnderstanding international economics :$btheory and practice /$cJ. David Richardson.
260 0 $aBoston :$bLittle, Brown,$cc1980.
300 $axvii, 506 p. :$bgraphs ;$c24 cm.
504 $aBibliography: p. 495-498.
500 $aIncludes index.
650 0 $aInternational economic relations.
650 0 $aInternational trade.